000 00491nam a22001817a 4500
999 _c104376
_d104376
005 20181215123101.0
010 _aENG-116363
020 _a9789351867869
_c300.00
035 _aEN-99895
037 _bDBAD/PUB
082 _a921
100 _aManish Ranjan
245 _aKalam quiz book /
_cby Manish Ranjan
260 _aDelhi
_bPrabhat Prakashan
_c2016
270 _a4/19,Asaf Ali Road
_bNew Delhi
_e110002
300 _a200p.
_c22cm(Hb)
942 _2ddc
_cEN
_mRAN
_h921